Statystyki dla 25 najludniejszych miast w Rosji

Kliknij tutaj aby rozwiązać quiz!

Ogólne statystyki

  • Ten quiz został rozwiązany 35 razy
  • Średni wynik to 12 z 25

Statystyki odpowiedzi

Nr.Liczba ludnościMiasto% Poprawnych
1.13,010,112Moskwa
100%
2.5,601,911Sankt Petersburg
85%
5.1,308,660Kazań
81%
6.1,228,199Niżny Nowogród
77%
3.1,633,595Nowosybirsk
69%
11.1,142,162Rostów nad Donem
69%
9.1,173,299Samara
69%
10.1,144,809Ufa
69%
15.1,034,002Perm
65%
16.1,028,036Wołgograd
65%
25.617,264Irkuck
54%
13.1,099,344Krasnodar
54%
12.1,125,695Omsk
54%
14.1,057,681Woroneż
50%
7.1,189,525Czelabińsk
46%
4.1,544,376Jekaterynburg
38%
22.623,254Machaczkała
35%
17.901,361Saratów
35%
8.1,187,771Krasnojarsk
23%
18.847,488Tiumeń
23%
21.623,472Iżewsk
15%
19.684,709Toljatti
12%
24.617,352Uljanowsk
12%
20.630,877Barnauł
8%
23.617,441Chabarowsk
8%

Rozkład punktacji

Percentyl według liczby udzielonych odpowiedzi

Procent ludzi z każdym wynikiem

Twoja historia wyników

Nie rozwiązałeś tego quizu